Jablonica. Pamiatková obnova vybraných objektov areálu kaštieľa
Gespeichert in:
| 1. Verfasser: | |
|---|---|
| Weitere Verfasser: | |
| Format: | Manuskript Buch |
| Sprache: | Slowakisch |
| Veröffentlicht: |
Bratislava
2023
|
| Schlagworte: | |
| Online-Zugang: | http://is.stuba.sk/zp/portal_zp.pl?podrobnosti=172553 |
| Tags: |
Keine Tags, Fügen Sie das erste Tag hinzu!
|
MARC
| LEADER | 00000ntm a22000003a 4500 | ||
|---|---|---|---|
| 001 | stuzp93896 | ||
| 003 | SK-STU | ||
| 005 | 20231013094000.2 | ||
| 007 | ta | ||
| 008 | 150427s2015----xo-----f-mn---000-0-slo-d | ||
| 040 | |a STU |b slo | ||
| 041 | 0 | |a slo | |
| 100 | 1 | |a Mozoľová, Stanislava |u 053130 |4 aut |U FAD Fakulta architektúry a dizajnu |T FAD Ústav dejín a teórie architektúry a obnovy pamiatok |X 93604 |U A3130 |Y 394 |7 93604 | |
| 242 | 0 | 1 | |a Jablonica. Monument restoration of selected buildings of the manor area |y eng |
| 245 | 1 | 0 | |a Jablonica. Pamiatková obnova vybraných objektov areálu kaštieľa |
| 260 | |c 2023 |a Bratislava | ||
| 650 | 4 | |a kaštieľ |2 slo | |
| 650 | 4 | |a Jablonica |2 slo | |
| 650 | 4 | |a adaptácia |2 slo | |
| 650 | 4 | |a pamiatková obnova |2 slo | |
| 650 | 4 | |a mansion |2 eng | |
| 650 | 4 | |a Jablonica |2 eng | |
| 650 | 4 | |a adaptation |2 eng | |
| 650 | 4 | |a restoration of monuments |2 eng | |
| 700 | 1 | |a Polomová, Beata |u 053130 |k Z1 |4 ths |U FAD Fakulta architektúry a dizajnu |T FAD Ústav dejín a teórie architektúry a obnovy pamiatok |X 4781 |U A3130 |Y 394 |7 A000004781 | |
| 856 | 4 | |u http://is.stuba.sk/zp/portal_zp.pl?podrobnosti=172553 |u https://opac.crzp.sk/?fn=detailBiblioForm&sid=1755732D0F093F437BA636EAC795 | |